| 000 | 00515nam a22002177a 4500 | ||
|---|---|---|---|
| 003 | UA-OsUOA | ||
| 001 | 64647 | ||
| 007 | ta | ||
| 008 | 20091106b un ||||| |||| 00| 0 ukr d | ||
| 100 | _aLaskowska M. | ||
| 090 | _a821.162.1 | ||
| 942 | _cBK | ||
| 040 |
_aUA-OsUOA _bpol _cUA-OsUOA _dUA-OsUOA |
||
| 245 | _aPrzyjmujemy goscy | ||
| 300 | _a72 с. | ||
| 955 | _a3 | ||
| 041 | _apol | ||
| 080 | _a821.162.1 | ||
| 650 | 7 |
_a82 Література. Літературознавство _2UDC |
|
| 999 |
_c350589 _d350589 |
||